| 000 | 01503cam a2200385 a 4500 | ||
|---|---|---|---|
| 001 | 15082741 | ||
| 003 | OSt | ||
| 005 | 20151111135133.0 | ||
| 008 | 071116s2008 ohuak c 001 0 eng d | ||
| 010 | _a 2007941576 | ||
| 020 | _a0324655207 | ||
| 020 | _a9780324655209 | ||
| 035 | _a(OCoLC)ocn227700433 | ||
| 040 |
_aBWX _cBWX _dOCLCQ _dYDXCP _dBAKER _dViBlbV _dDLC |
||
| 042 | _alccopycat | ||
| 043 | _an-us--- | ||
| 050 | 0 | 0 |
_aKF665 _b.S53 2008 |
| 082 | 0 | 4 | _a343.7302 |
| 100 | 1 | _aAalberts, Robert J. | |
| 245 | 1 | 0 |
_aReal estate law / _cRobert J. Aalberts, George J. Siedel. |
| 250 | _a7th ed. | ||
| 260 |
_aMason, OH : _bSouth-Western Cengage Learning _c2008. |
||
| 300 |
_axxx, 672 p. : _bill. forms ; _c26 cm. |
||
| 490 | 0 | _aSouth-Western legal studies in business ; Academic series | |
| 500 | _aAuthors named are reversed on earlier edition. | ||
| 650 | 0 |
_aVendors and purchasers _zUnited States. |
|
| 650 | 0 |
_aReal property _zUnited States. |
|
| 700 | 1 | _aSiedel, George J. | |
| 856 | 4 | 2 |
_3Contributor biographical information _uhttp://www.loc.gov/catdir/enhancements/fy1104/2007941576-b.html |
| 856 | 4 | 2 |
_3Publisher description _uhttp://www.loc.gov/catdir/enhancements/fy1104/2007941576-d.html |
| 856 | 4 | 1 |
_3Table of contents only _uhttp://www.loc.gov/catdir/enhancements/fy1104/2007941576-t.html |
| 906 |
_a7 _bcbc _ccopycat _d2 _eepcn _f20 _gy-gencatlg |
||
| 942 |
_2lcc _cBK |
||
| 999 |
_c251214 _d251214 |
||